Statystyki dla Współczesne państwa Imperium Perskiego z mapą

Kliknij tutaj aby rozwiązać quiz!

Ogólne statystyki

  • Ten quiz został rozwiązany 647 razy
  • Średni wynik to 31 z 32

Odpowiedzi na mapie

Odpowiedzi skodowane kolorowo w zielono-czerwonej skali na mapie do tego quizu, zgodnie z poniższymi procentami.
 

Statystyki odpowiedzi

Państwo% Poprawnych
Turcja
100%
Bułgaria
99%
Egipt
99%
Grecja
99%
Gruzja
99%
Irak
99%
Iran
99%
Izrael
99%
Rosja
99%
Rumunia
99%
Ukraina
99%
Arabia Saudyjska
98%
Armenia
98%
Azerbejdżan
98%
Cypr
98%
Indie
98%
Pakistan
97%
Syria
97%
Afganistan
96%
Kazachstan
96%
Kirgistan
96%
Libia
96%
Oman
96%
Tadżykistan
96%
Uzbekistan
96%
Zjednoczone
Emiraty Arabskie
96%
Liban
95%
Turkmenistan
95%
Jordania
94%
Kuwejt
94%
Chiny
93%
Mołdawia
84%

Rozkład punktacji

Percentyl według liczby udzielonych odpowiedzi

Procent ludzi z każdym wynikiem

Twoja historia wyników

Nie rozwiązałeś tego quizu